An introduction to petroleum technology, economics, and politics /

"This book describes the petroleum industry in easy-to-understand language for both the layperson and engineer alike. From the economics of searching for oil and gas, getting it out of the ground, into pipelines, into refineries, and, finally, into your gas tank, this book covers the petroleum...

Πλήρης περιγραφή

Λεπτομέρειες βιβλιογραφικής εγγραφής
Κύριος συγγραφέας: Speight, James G.
Μορφή: Ηλ. βιβλίο
Γλώσσα:English
Έκδοση: Salem, MA : Scrivener ; [2011]
Hoboken, N.J. : Wiley, [2011]
Θέματα:
Διαθέσιμο Online:Full Text via HEAL-Link
LEADER 03531nam a2200793 4500
001 ocn808348461
003 OCoLC
005 20170124070824.7
006 m o d
007 cr cn|||||||||
008 110808s2011 maua ob 001 0 eng d
010 |z  2011033600 
040 |a E7B  |b eng  |e pn  |c E7B  |d OCLCO  |d IDEBK  |d UA@  |d OCLCF  |d DEBBG  |d DG1  |d N$T  |d TEFOD  |d YDXCP  |d WAU  |d EBLCP  |d DEBSZ  |d TEFOD  |d OCLCQ  |d COO  |d OCLCQ  |d AZK  |d LOA  |d GrThAP 
019 |a 768243512  |a 773828453  |a 961568550  |a 962679184 
020 |a 9781118192528  |q (electronic bk.) 
020 |a 1118192524  |q (electronic bk.) 
020 |a 1118192559  |q (electronic bk.) 
020 |a 9781118192559  |q (electronic bk.) 
020 |a 9781118192542  |q (electronic bk.) 
020 |a 1118192540  |q (electronic bk.) 
020 |a 1299314473 
020 |a 9781299314474 
020 |z 9781118012994 
020 |z 9781118192559 
020 |z 1118012992 
029 1 |a CHBIS  |b 007307106 
029 1 |a CHVBK  |b 182414337 
029 1 |a DEBBG  |b BV040869166 
029 1 |a DEBBG  |b BV041906090 
029 1 |a DEBSZ  |b 397180179 
029 1 |a DEBSZ  |b 423155660 
029 1 |a DEBSZ  |b 431069085 
029 1 |a DEBSZ  |b 449274276 
029 1 |a DKDLA  |b 820120-katalog:000599789 
029 1 |a NZ1  |b 14976527 
029 1 |a DEBBG  |b BV043395008 
035 |a (OCoLC)808348461  |z (OCoLC)768243512  |z (OCoLC)773828453  |z (OCoLC)961568550  |z (OCoLC)962679184 
037 |a 10.1002/9781118192528  |b Wiley InterScience  |n http://www3.interscience.wiley.com 
037 |a A4CEE4E1-8518-43F5-BB91-2E0208A068F1  |b OverDrive, Inc.  |n http://www.overdrive.com 
050 4 |a HD9560.5  |b .S645 2011eb 
072 7 |a BUS  |x 070000  |2 bisacsh 
082 0 4 |a 338.2/728  |2 23 
049 |a MAIN 
100 1 |a Speight, James G. 
245 1 3 |a An introduction to petroleum technology, economics, and politics /  |c James G. Speight. 
264 1 |a Salem, MA :  |b Scrivener ;  |c [2011] 
264 1 |a Hoboken, N.J. :  |b Wiley,  |c [2011] 
264 4 |c ©2011 
300 |a 1 online resource (xi, 320 pages :) :  |b illustrations 
336 |a text  |b txt  |2 rdacontent 
337 |a computer  |b c  |2 rdamedia 
338 |a online resource  |b cr  |2 rdacarrier 
347 |a data file  |2 rda 
380 |a Bibliography 
504 |a Includes bibliographical references and index. 
505 0 |a Front Matter -- History and Terminology of Crude Oil -- Origin and Occurrence of Oil -- Exploration, Recovery, and Transportation -- Crude Oil Classification and Benchmarks -- The Petroleum Culture -- Oil Prices -- The Crude Oil Market -- Oil Supply -- The Future -- Conversion Factors -- Glossary -- Index -- Also of Interest. 
520 |a "This book describes the petroleum industry in easy-to-understand language for both the layperson and engineer alike. From the economics of searching for oil and gas, getting it out of the ground, into pipelines, into refineries, and, finally, into your gas tank, this book covers the petroleum industry like no other treatment before"--Provided by publisher. 
650 0 |a Petroleum industry and trade. 
650 0 |a Petroleum engineering. 
650 7 |a TECHNOLOGY & ENGINEERING  |x Chemical & Biochemical.  |2 bisacsh 
650 7 |a Petroleum engineering.  |2 fast  |0 (OCoLC)fst01059492 
650 7 |a Petroleum industry and trade.  |2 fast  |0 (OCoLC)fst01059546 
655 4 |a Electronic books. 
655 7 |a Electronic books.  |2 local 
776 0 |z 1118012992 
776 0 |z 9781118012994 
776 0 |z 9781118192559 
856 4 0 |u https://doi.org/10.1002/9781118192528  |z Full Text via HEAL-Link 
994 |a 92  |b DG1